| 000 | 00456nam a2200169Ia 4500 | ||
|---|---|---|---|
| 008 | 230917s9999||||xx |||||||||||||| ||und|| | ||
| 020 | _cRS795 | ||
| 040 |
_e222189 _aMAIN |
||
| 041 | _aEnglish | ||
| 082 | _a647.94 A67H | ||
| 100 | _aArora, R K | ||
| 245 | 0 | _aHotel lodging, restaurant and resort management | |
| 260 |
_aNew Delhi _bAPH Publishing _c2011 |
||
| 300 | _av, 251 p. | ||
| 500 | _a1802 07/01/2015 TB996 16/01/2015 Main Budget | ||
| 942 | _cBK | ||
| 999 |
_c13388 _d13388 |
||